000 01209nam a2200121Ia 4500
008 220615s9999||||xx |||||||||||||| ||und||
245 0 _aIntermetallic Compound
546 _aEnglish[eng]
650 _aTi3SiC2||intermetallic compound||porous material||mechanical property||pore size||elastic modulus||Al-rich alloy||hydrogen generation||Zn addition||Ga2O3||flux||Zn-Al filler metal||wettability||spreadability||magnetocaloric effect||support vector regression||extreme learning machine||maximum magnetic entropy change||gravitational search algorithm||GaF3||CsF-AlF3 flux||R-Fe-B intermetallics||cerium||permanent magnets||simulation||magnetic anisotropy constant||hysteresis loop||coercive force||residual magnetization||X-ray diffraction||perovskites manganites||AC magnetic susceptibility||ZnF2||Zn(BF4)2||mechanical properties||MgTiO3||geikielite||high-temperature X-ray diffraction||sol-gel technique||thermal expansion||magnesium–zinc–neodymium master alloy||Mg–Zn–Nd||magnesium master alloy||magnesium||rare-earth metals||master alloy synthesis||metallothermic reduction||n/a
700 _aĆwik, Jacek
856 _uhttps://mdpi.com/books/pdfview/book/3427
942 _cEB
999 _c14934
_d14934